000 00225nam a22000977a 4500
003 OSt
008 210113b ||||| |||| 00| 0 eng d
100 _aVarkey, Muttath
_94465
245 _aVazhithetti vanna malagha
942 _cBK
999 _c16481
_d16481